000 00471nam a22001697a 4500
005 20251108164314.0
008 250721s9999 xx 000 0 ara d
082 1 4 _a417/أيو
100 1 _aأيوب، عبد الرحمن
245 1 0 _aالعربية و لهجاتها /
264 1 _aالقاهرة :
_bمكتبة الشباب،
_c[19-].
300 _a109ص.
650 1 7 _aاللغة العربية
650 1 7 _aاللهجات
942 _2ddc
_cBK
999 _c8860
_d8860